00788nam a2200205Ia 4500008004100000100002300041245008100064245010800145260003900253260000900292300003300301440004300334650002100377650000800398650002500406650002600431856003400457999001900491952007200510190511s9999 xx 000 0 und d aRussell, Daniel W. aNeighborhood racial discrimination and the development of major depression / cDaniel W. Russell, Frederick D. Clavel, Carolyn E. Cutrona, W. Todd Abraham, and Rebecca G. Burzette.-- bAmerican Psychological Association c2018 aPages 150-159, February 2018 aJournal of Abnormal Psychologyv127(2) aMajor depression aMDD aNeighborhood effects aRacial discrimination uwww.apa.org/pubs/journals/abn c361850d361850 001040aCLbCLd2019-05-11l0r2019-05-11 00:00:00w2019-05-11ySE